000 00644nam a2200229Ia 4500
003 OSt
005 20221007064624.0
006 a|||||r|||| 00| 0
007 ta
008 221006b |||||||| |||| 00| 0 eng d
024 _a20,130
037 _cTextual
040 _aFLL
_cFLL
_beng
041 _2eng
_aeng
082 _aX413:Z2qN88, M9
100 _aMadholia Mata Din Au.
_9681649
245 0 _aCompensation under the motor vehicles act,1988
260 _aDelhi
_bKamlesh Pub. India
_c1989
300 _a810p
_ccm.
942 _hX413:Z2qN88, M9
_cTEXL
_2CC
999 _c1134734
_d1134734